Parks and Rec: Who am I? Quiz Stats

 Plays Quiz not verified by Sporcle

Score 0/22 Timer 03:00
0 Plays Today
% Correct
Tom
91.7%
Ann
91.5%
Ben
91.4%
Ann
91.1%
Ben
90.3%
Donna
90%
Tom
90%
Ron
89.8%
Jerry
89.2%
Chris
88%
Ben
87.8%
% Correct
Ron
86.8%
Leslie
84.4%
Donna
84.4%
Andy
83.1%
Tom
82.2%
April
81.4%
Leslie
80.3%
Jean-Ralphio
80.2%
Mark
79.3%
Andy
78.6%
Jean-Ralphio
76.8%

You're not logged in!

Compare scores with friends on all Sporcle quizzes.
OR
Log In

Show Comments

Extras

Top Quizzes Today


Score Distribution

Your Account Isn't Verified!

In order to create a playlist on Sporcle, you need to verify the email address you used during registration. Go to your Sporcle Settings to finish the process.

Report this User

Report this user for behavior that violates our Community Guidelines.

Details: